000 00482nam a2200193Ia 4500
003 0100
005 20150826124014.0
008 130303s9999 xx 000 0 und d
040 _cARRUPELIB
050 _aB2597.P381
100 _aPeursen, Cornelius Anthine van
_918867
245 _aLeibniz
260 _aNew York
260 _bE. P. Dutton and Company
_c1970
300 _a128p.
300 _b 18cm.
700 _aHoskins, Hubert (tr.)
_918868
942 _2lcc
_cMONOGRAPH
999 _c33764
_d33764